00403nam a2200109Ia 4500008004100000020002200041100002400063245010300087260004900190300002700239650002700266200908s9999 xx 000 0 und d a978-971-98-1140-4 aAsuncion, Nestor M. cNestor M. Asuncion, Geoffrey Rhoel C. CruzaReadings in Philippine history:boutcome-based module/ aQuezon City:bC and E Publishing, Inc.c2019 avii, 243 pagesc22 cm. aPhilippines -- history